书目信息 |
| 题名: |
公共家具设计精品解析
|
|
| 作者: | 许柏鸣 编著 | |
| 分册: | ||
| 出版信息: | 南京 江苏科学技术出版社 2002.10 |
|
| 页数: | 167页 | |
| 开本: | 29cm | |
| 丛书名: | ||
| 单 册: | ||
| 中图分类: | TS665.5 | |
| 科图分类: | ||
| 主题词: | 木制品 | |
| 电子资源: | ||
| ISBN: | 7-5345-3665-0 | |
| 000 | 00567nam0 2200193 45 | |
| 001 | 0330691696 | |
| 005 | 2003031108313169 | |
| 010 | @a7-5345-3665-0@dRMB 68.00 | |
| 100 | @a20030311d2002 km y0chiy0120 ea | |
| 101 | 0 | @achi |
| 102 | @aCN@b320000 | |
| 200 | 1 | @a公共家具设计精品解析@Agong gong jia ju she ji jing pin jie xi@f许柏鸣编著@FXu Bai Ming Bian Zhu |
| 210 | @a南京@c江苏科学技术出版社@d2002.10 | |
| 215 | @a167页@d29cm | |
| 606 | 0 | @a木制品 |
| 690 | @aTS665.5@v3 | |
| 701 | 0 | @a许柏鸣@AXu Bai Ming@4编著 |
| 801 | 0 | @aCN@bPFT@c20030311 |
| 905 | @a@dTS665.5@eX854 | |
| 公共家具设计精品解析/许柏鸣编著.-南京:江苏科学技术出版社,2002.10 |
| 167页;29cm |
| ISBN 7-5345-3665-0:RMB 68.00 |
| ● |
| 相关链接 |
|
|
|
正题名:公共家具设计精品解析
索取号:TS665.5/X854
 
预约/预借
| 序号 | 登录号 | 条形码 | 馆藏地/架位号 | 状态 | 备注 |
| 1 | 372298 | 203722980 | 自科库501/501自科库 42排7列4层/ [索取号:TS665.5/X854] | 在馆 |